Quantum Chemistry (Record no. 3803)

MARC details
000 -LEADER
fixed length control field 00624 a2200217 4500
010 ## - LIBRARY OF CONGRESS CONTROL NUMBER
LC control number ENG-85958
020 ## - INTERNATIONAL STANDARD BOOK NUMBER
International Standard Book Number 8120330641
Terms of availability 295.00
035 ## - SYSTEM CONTROL NUMBER
System control number EN-69491
037 ## - SOURCE OF ACQUISITION
Source of stock number/acquisition D.B.Act / Pub
082 14 - DEWEY DECIMAL CLASSIFICATION NUMBER
Classification number 541.28
090 ## - LOCALLY ASSIGNED LC-TYPE CALL NUMBER (OCLC); LOCAL CALL NUMBER (OCLC)
-- 3882
-- 3882
100 1# - MAIN ENTRY--PERSONAL NAME
Personal name Levine, Ira A.
245 1# - TITLE STATEMENT
Title Quantum Chemistry
Statement of responsibility, etc Ira A. Levine
250 ## - EDITION STATEMENT
Edition statement 5th ed
260 ## - PUBLICATION, DISTRIBUTION, ETC. (IMPRINT)
Place of publication, distribution, etc New Delhi
Name of publisher, distributor, etc Prentice-Hall of India
Date of publication, distribution, etc 2007
300 ## - PHYSICAL DESCRIPTION
Extent x, 739 p.
Dimensions 24 cm. (pbk)
500 ## - GENERAL NOTE
General note Includes index.
650 ## - SUBJECT ADDED ENTRY--TOPICAL TERM
Topical term or geographic name as entry element Quantum chemistry
942 ## - ADDED ENTRY ELEMENTS (KOHA)
Institution code [OBSOLETE] dpl
Koha item type English Books
Call number prefix 541.28 / LEV
Holdings
Withdrawn status Lost status Source of classification or shelving scheme Damaged status Not for loan Collection code Home library Current library Source of acquisition Cost, normal purchase price Total Checkouts Full call number Barcode Date last seen Copy number Uniform Resource Identifier Cost, replacement price Price effective from Koha item type
    Dewey Decimal Classification   Not For Loan Non-fiction D.B.Act.Division D.B.Act.Division DBAD/PUB 295.00   541.28 LEV EN-69491 15/09/2008 1 4039 295.00 15/09/2008 English Books

© Delhi Public Library
Hit Counter
free hit counter